000 00402nam a22001217a 4500
999 _c9389
_d9389
003 OSt
008 201203b ||||| |||| 00| 0 eng d
245 _aAsian Textile Journal
250 _a2010( Feb Vol.19 No.2, Mar Vol.19 No.3, Apr Vol.19 No.4, May Vol.19 No.5, Jun Vol.19 No.6, Jul Vol.19 No.7 )
260 _aMumbai
_bSB Dyesprings [INDIA] Pvt. Ltd.
650 _aTextile Engineering
942 _2ddc
_cBV